Cognition / (Record no. 13726)

000 -LEADER
fixed length control field 00620nam a22001937a 4500
008 - FIXED-LENGTH DATA ELEMENTS--GENERAL INFORMATION
fixed length control field 160819b xxu||||| |||| 00| 0 eng d
020 ## - INTERNATIONAL STANDARD BOOK NUMBER
International Standard Book Number 9780195430325
050 ## - LIBRARY OF CONGRESS CALL NUMBER
Classification number BF 311. B4525 2009
100 ## - MAIN ENTRY--PERSONAL NAME
Personal name Benjafield, John G.
Dates associated with a name 2009
245 ## - TITLE STATEMENT
Title Cognition /
Statement of responsibility, etc. John G.Benjafield, Daniel Smilek and Alan Kingstone
250 ## - EDITION STATEMENT
Edition statement 4th ed.
260 ## - PUBLICATION, DISTRIBUTION, ETC. (IMPRINT)
Place of publication, distribution, etc. Ontario;
Name of publisher, distributor, etc. Oxford university press,
Date of publication, distribution, etc. 2009.
300 ## - PHYSICAL DESCRIPTION
Extent xv, 528 p. :ill.
Other physical details Includes bibliographical references and index.
650 ## - SUBJECT ADDED ENTRY--TOPICAL TERM
Topical term or geographic name as entry element Cognitive psychology.
650 ## - SUBJECT ADDED ENTRY--TOPICAL TERM
Topical term or geographic name as entry element Cognition.
700 ## - ADDED ENTRY--PERSONAL NAME
Personal name Smilek, Daniel.
700 ## - ADDED ENTRY--PERSONAL NAME
Personal name Kingstone, Alan.
942 ## - ADDED ENTRY ELEMENTS (KOHA)
Source of classification or shelving scheme
Koha item type Hard Covered Materials
Holdings
Withdrawn status Lost status Source of classification or shelving scheme Damaged status Not for loan Home library Current library Shelving location Date acquired Source of acquisition Total Checkouts Full call number Barcode Date last seen Date last checked out Price effective from Koha item type
          MACHAKOS UNIVERSITY LIBRARY MACHAKOS UNIVERSITY LIBRARY Open shelf 19/08/2016 Donation(BFA) 1 BF 311. B4525 2009 25528 10/11/2021 27/10/2021 19/08/2016 Hard Covered Materials
© Machakos University Library, Along The Highway, Machakos Wote Rd, Machakos, Kenya P.O. Box 136 - 90100 Machakos - Kenya

Tel: ( +254 ) 723 805829 OR Fax : 044-20353 OR Email: library@mksu.ac.ke